The false Orsini from over the Alps: Negotiating aristocratic identity in late medieval and early modern Europe

Titel: The false Orsini from over the Alps: Negotiating aristocratic identity in late medieval and early modern Europe / Petr Mat'a
Verfasser:
In: Römische historische Mitteilungen, Band 55 (2013 [2014]), Seite 155-218
alle Artikel anzeigen
Veröffentlicht: 2014
Umfang: 16 Illustrationen
Format: Aufsatz
Sprache: Englisch
Schlagworte:
Kein Bild verfügbar
X
alg: 47312498
001A    $03025:01-12-20 
001B    $03025:02-12-20 $t10:23:28.000 
001D    $03025:01-12-20 
001U    $0utf8 
001X    $00 
002@    $0Aou 
002C    $aText $btxt $2rdacontent 
002D    $aohne Hilfsmittel zu benutzen $bn $2rdamedia 
002E    $aBand $bnc $2rdacarrier 
003@    $047312498X 
007A    $047312498X $aHEB 
010@    $aeng 
010E    $erda 
011@    $a2013 $n2014 
021A    $aThe @false Orsini from over the Alps: Negotiating aristocratic identity in late medieval and early modern Europe $hPetr Mat'a 
028A    $BVerfasser $#Maťa, Petr $4aut $7132150654 $8Mat'a, Petr$Z1973- [Tp1] $9181699583 
031A    $d55 $h155-218 $j2013 [2014] 
034M    $a16 Illustrationen 
039B    $aEnthalten in $8--Abvc--. Römische historische Mitteilungen . - Wien : Verl. d. Österreichischen Akad. d. Wissenschaften, 1958-. - ISSN 0080-3790 $x201300000550000845 $9047289082 
044K    $7118590286 $8$POrsini$lFamilie [Tp1] $908693127X 
044K    $RWitigonen $#Rožmberka  $#Rožmberkové  $#Rožmberk  $7118973339 $8$PRosenberg$cvon$lFamilie : 1200-1611 : Böhmen [Tp1] $9087313642 
044K    $RTschechien $#Böhmische Kronländer $#Länder der Böhmischen Krone $#Sudetenland $#Böhmen $#Mähren $#Mährisch-Schlesien $#Österreichisch-Schlesien $#Tschechische Sozialistische Republik Böhmische Länder $#Tschechei Böhmische Länder $#Země koruny české $74069573-6 $8Böhmische Länder [Tg1] $9085195553 
044K    $ROberschicht $RWeiblicher Adel $RAristokratie $#Nobility $#Noblesse $#Nobiltà $#Nobleza $#Adel $#Adel $#Junker $#Junkertum $#Adliger $#Adeliger $#Adlige $#Uradel $74000464-8 $8Adel [Ts1] $9084991682 
044K    $RHistorische Hilfswissenschaften $RAbstammung $RLineage $RGenealoge $#Genealogy $#Généalogie $#Genealogie $#Ahnenforschung $#Ahnenkunde $#Familienforschung Genealogie $#Familiengeschichte Genealogie $#Familienkunde $#Historische Familienforschung $#Sippenkunde $#Abstammung Genealogie $#Herkunft Genealogie $74020097-8 $8Genealogie [Ts1] $9085048054 
045F    $a907.20943710902 $eDDC23BSB 
045F/01 $a907.2 
045F/03 $f0902 
045F/03 $f09031 
045F/03 $g4371 
045R    $aGeschichte 1300-1600 
045T    $a1 $a8 

lok: 47312498 78

exp: 47312498 78 1 #EPN
201B/01 $001-12-20 $t15:08:45.000 
201C/01 $001-12-20 
201U/01 $0utf8 
203@/01 $01131574907 
204P/01 $010.1553/rhm55s155 
208@/01 $a01-12-20 $be 
209A/01 $a/ $f000 $x00 
209A/01 $ab*p $x01 
209A/01 $aBetr. u.a. Jodok von Rosenberg $x03 
220C/01 $apgar 
244Z/01 $#Schlesien $#Schlesien $#Herzogtum Schlesien $#Herzogtum Schlesien Schlesien $#Provinz Schlesien $#Śla̜sk $#Slezsko $#Silesia $74052678-1 $8--Tg1--Schlesien $x01 $9085146781 
244Z/01 $#Böhmische Kronländer $#Länder der Böhmischen Krone $#Sudetenland $#Böhmen $#Mähren $#Mährisch-Schlesien $#Österreichisch-Schlesien $#Tschechische Sozialistische Republik Böhmische Länder $#Tschechei Böhmische Länder $#Země koruny české $74069573-6 $8--Tg1--Böhmische Länder $x02 $9085195553 
247C/01 $82080>Marburg/Lahn, Herder-Institut, Forschungsbibliothek, Bibliographieportal $9336309341
LEADER 00000caa a2200000 c 4500
001 47312498X
003 DE-603
005 20201202102328.0
007 tu
008 201201s2013 xx |||| | u00||u|eng c
035 |a (DE-599)HEB47312498X 
040 |a DE-603  |b ger  |c DE-603  |d DE-603  |e rda 
041 |a eng 
082 0 4 |8 1\u  |a 907.20943710902  |q DE-101  |2 23/BSB 
084 |a 1  |a 8  |2 ssgn 
085 |8 1\u  |b 907.2 
085 |8 1\u  |z 1  |s 0902 
085 |8 1\u  |z 1  |s 09031 
085 |8 1\u  |z 2  |s 4371 
100 1 |a Mat'a, Petr  |d 1973-  |e Verfasser  |4 aut  |0 (DE-603)181699583  |0 (DE-588)132150654  |2 gnd 
245 0 0 |a ˜Theœ false Orsini from over the Alps: Negotiating aristocratic identity in late medieval and early modern Europe  |c Petr Mat'a 
264 0 |c 2014 
300 |b 16 Illustrationen 
336 |a Text  |b txt  |2 rdacontent 
337 |a ohne Hilfsmittel zu benutzen  |b n  |2 rdamedia 
338 |a Band  |b nc  |2 rdacarrier 
600 3 7 |a Orsini  |c Familie  |0 (DE-588)118590286  |0 (DE-603)08693127X  |2 gnd 
600 3 7 |a Rosenberg von  |c Familie : 1200-1611 : Böhmen  |0 (DE-588)118973339  |0 (DE-603)087313642  |2 gnd 
648 7 |a Geschichte 1300-1600  |2 gnd 
650 7 |a Adel  |0 (DE-588)4000464-8  |0 (DE-603)084991682  |2 gnd 
650 7 |a Genealogie  |0 (DE-588)4020097-8  |0 (DE-603)085048054  |2 gnd 
651 7 |a Böhmische Länder  |0 (DE-588)4069573-6  |0 (DE-603)085195553  |2 gnd 
773 0 8 |i Enthalten in  |t Römische historische Mitteilungen   |d Wien : Verl. d. Österreichischen Akad. d. Wissenschaften, 1958-  |x 0080-3790  |g Band 55 (2013 [2014]), Seite 155-218  |w (DE-603)047289082  |w (DE-600)206126-0 
924 0 |9 2080  |a (DE-603)1131574907  |b DE-2080  |c HES  |d d  |g /